00732nam a2200241 a 450000100060000000300090000600800410001502000150005604000280007108200140009910000210011324500250013426000410015930000110020059000640021165000420027565000310031765000280034865000380037665000470041494200120046199900170047319412CO-ViMGA141112s2004 ck r 000 u spa d a8495618605 aCO-ViMGAbspacCO-ViMGA04a813 B768c1 aBrown, Dan9211310aEl Código Da Vinci aBarcelona : bUmbriel Editores; 2003 a557 p. aForma de adquisición : Proyecto 2005 - - Precio : 44.55014aDAVINCI, LEONARDO, 1452 - 151992794514aNOVELA ESTADOUNIDENSE976114aNOVELA POLICIACA91473214aSIMBOLOGIA EN LA LITERATURA9211714aSOCIEDADES SECRETAS EN LA LITERATURA92118 2ddccBK c28559d28559